| 000 | 00543 a2200205 4500 | ||
|---|---|---|---|
| 020 | _a0470468424 | ||
| 040 |
_aDLC _bDLC |
||
| 082 | _a547.3085 | ||
| 100 | 1 | 0 | _aKemp, William, |
| 245 | 1 | 0 |
_aOrganic spectroscopy _cWilliam Kemp. |
| 250 | _a3rd ed. | ||
| 260 | 0 |
_aNew York : _bWiley, _c[1975] |
|
| 300 |
_axxii, 393 p. : _bill. ; _c25 cm. |
||
| 500 | _a"A Halsted Press book." | ||
| 650 | 0 | _aSpectrum analysis. | |
| 650 | 0 | _aChemistry, Organic. | |
| 650 | 0 | _aSpectrum Analysis | |
| 650 | 0 | _aELectromagnetics | |
| 942 |
_cBK _k547.3085 KEM _2ddc |
||
| 999 |
_c7907 _d7907 |
||